000 00213nam a2200085Ia 4500
008 120527s9999 xx 000 0 und d
100 _aKeck & Patterson
245 _aBiomath: Problem solving for biology
942 _cBK
999 _c27313
_d27313